000 00329nab a22001097u 4500
008 130520b1987 xxu||||| |||| 00| 0 spa d
041 _aspa
100 1 _aPeters, T. R.
_967422
245 0 0 _aOrtodoxia en la dialéctica de doxa y praxis
_cT. R. Peters
773 0 _tConcilium
_gV.2,1987,págs.93-103
_x0210-1041
_wRev134
942 _cAR
999 _c355337
_d355337